<?xml version="1.0" encoding="UTF-8"?>
<record
    xmlns:xsi="http://www.w3.org/2001/XMLSchema-instance"
    xsi:schemaLocation="http://www.loc.gov/MARC21/slim http://www.loc.gov/standards/marcxml/schema/MARC21slim.xsd"
    xmlns="http://www.loc.gov/MARC21/slim">

  <leader>01017cam a22002531  4500</leader>
  <controlfield tag="001">ne 68002722 </controlfield>
  <controlfield tag="003">DLC</controlfield>
  <controlfield tag="005">20260227111844.0</controlfield>
  <controlfield tag="008">820728s1968    ua            000 0 arar </controlfield>
  <datafield tag="010" ind1=" " ind2=" ">
    <subfield code="a">ne 68002722 </subfield>
  </datafield>
  <datafield tag="025" ind1=" " ind2=" ">
    <subfield code="a">PL480:UAR-9262</subfield>
  </datafield>
  <datafield tag="035" ind1=" " ind2=" ">
    <subfield code="a">(OCoLC)8638126</subfield>
  </datafield>
  <datafield tag="040" ind1=" " ind2=" ">
    <subfield code="a">DLC</subfield>
    <subfield code="c">TU</subfield>
    <subfield code="d">TU</subfield>
    <subfield code="d">DLC</subfield>
  </datafield>
  <datafield tag="050" ind1="0" ind2="0">
    <subfield code="a">BP135.A2</subfield>
    <subfield code="b">T33</subfield>
  </datafield>
  <datafield tag="100" ind1="1" ind2=" ">
    <subfield code="a">&#x1E6C;a&#x1E25;&#x101;w&#x12B;, A&#x1E25;mad ibn Mu&#x1E25;ammad,</subfield>
    <subfield code="d">852?-933.</subfield>
  </datafield>
  <datafield tag="245" ind1="1" ind2="0">
    <subfield code="a">Shar&#x1E25; ma&#x2BB;&#x101;n&#x12B; al-&#x101;th&#x101;r,</subfield>
    <subfield code="c">li-Ab&#x12B; Ja&#x2BB;far A&#x1E25;mad ibn Mu&#x1E25;ammad ibn Sal&#x101;mah ibn &#x2BB;Abd al-Malik ibn Sal&#x101;mah al-Azd&#x12B; al-&#x1E24;ajar&#x12B; al-Mi&#x1E63;r&#x12B; al-&#x1E6C;a&#x1E25;&#x101;w&#x12B; al-&#x1E24;anaf&#x12B;. &#x1E24;aqqaqahu wa-qaddama lahu wa-&#x2BB;allaqa &#x2BB;alayh Mu&#x1E25;ammad Sayyid J&#x101;d al-&#x1E24;aqq.</subfield>
  </datafield>
  <datafield tag="260" ind1=" " ind2=" ">
    <subfield code="a">al-Q&#x101;hirah,</subfield>
    <subfield code="b">Ma&#x1E6D;aba&#x2BB;at al-anw&#x101;r al-Mu&#x1E25;ammad&#x12B;yah</subfield>
    <subfield code="c">[1968]</subfield>
  </datafield>
  <datafield tag="300" ind1=" " ind2=" ">
    <subfield code="a">4 v.</subfield>
    <subfield code="c">28 cm.</subfield>
  </datafield>
  <datafield tag="500" ind1=" " ind2=" ">
    <subfield code="a">Vols. 2-4 edited by Mu&#x1E25;ammad Zahr&#x12B; al-Najj&#x101;r.</subfield>
  </datafield>
  <datafield tag="650" ind1=" " ind2="0">
    <subfield code="a">Hadith.</subfield>
  </datafield>
  <datafield tag="700" ind1="2" ind2=" ">
    <subfield code="a">J&#x101;d al-&#x1E24;aqq, Mu&#x1E25;ammad Sayyid ,</subfield>
    <subfield code="e">ed.</subfield>
  </datafield>
  <datafield tag="700" ind1="1" ind2=" ">
    <subfield code="a">Najj&#x101;r, Mu&#x1E25;ammad Zahr&#x12B;,</subfield>
    <subfield code="e">ed.</subfield>
  </datafield>
  <datafield tag="740" ind1="0" ind2=" ">
    <subfield code="a">Ma&#x2BB;&#x101;n&#x12B; al-&#x101;th&#x101;r.</subfield>
  </datafield>
  <datafield tag="999" ind1=" " ind2=" ">
    <subfield code="c">50596</subfield>
    <subfield code="d">50596</subfield>
  </datafield>
</record>
